• 首页
  • 本馆介绍
  • 公告通知
  • 最新文献
  • 馆藏检索
  • 电子资源
  • 读者导购
  • 参考咨询
  • 我的图书馆
  • 登录
  • 详细信息显示
  • 放入我的书架
  • 预约/预借图书
  • 作者相关作品
  • 分类相关作品
  • 丛书相关作品
  • 出版社相关作品

书目信息

  • 表格格式
  • 工作单格式
  • 卡片格式
题名:
临床药物代谢动力学
    
 
作者: 刘克辛 主编
分册:  
出版信息: 北京   科学出版社  2016.9
页数: 440页
开本: 26cm
丛书名:
单 册:
中图分类: R969.1
科图分类:
主题词: 药物代谢动力学--医学院校--教材
电子资源:
ISBN: 978-7-03-048516-8
000 00841nam0 2200253 450
001 0400002409
005 20171026085104.18
010    @a978-7-03-048516-8@dCNY79.80
100    @a20170427d2016 em y0chiy50 ea
101 0  @achi
102    @aCN@b110000
105    @aa az 001yy
106    @ar
200 1  @a临床药物代谢动力学@9lin chuang yao wu dai xie dong li xue@e案例版@f主编刘克辛
205    @a第3版
210    @a北京@c科学出版社@d2016.9
215    @a440页@c图@d26cm
320    @a有书目(第428页)和索引(第435-440页)
330    @a本书共二十八章,主要内容包括:绪论、药物转运及转运体、药物吸收及生物利用度、药物分布及血浆蛋白结合、药物代谢及代谢酶等。
606 0  @a药物代谢动力学@x医学院校@j教材
690    @aR969.1@v5
701  0 @a刘克辛@9liu ke xin@4主编
801  0 @aCN@b91MARC@c20171021
905    @b1032165-9@dR969.1@f5@e123=3
    
    临床药物代谢动力学:案例版/主编刘克辛.-第3版.-北京:科学出版社,2016.9
    440页:图;26cm
    
    
    ISBN 978-7-03-048516-8:CNY79.80
    本书共二十八章,主要内容包括:绪论、药物转运及转运体、药物吸收及生物利用度、药物分布及血浆蛋白结合、药物代谢及代谢酶等。
●
相关链接 在E读中查询图书 在五车中查询图书 在当当中查询图书 在豆瓣中查询图书


正题名:临床药物代谢动力学     索取号:R969.1/123=3         预约/预借

序号 登录号 条形码 馆藏地/架位号 状态 备注
1 1032165   210321659   第二样本阅览室/ [索取号:R969.1/123=3] 在馆    
2 1032166   210321668   密集书库-生命科学系/ [索取号:R969.1/123=3] 在馆    
3 1032167   210321677   第三借阅区/ [索取号:R969.1/123=3] 在馆    
4 1032168   210321686   第三借阅区/ [索取号:R969.1/123=3] 在馆    
5 1032169   210321695   第三借阅区/ [索取号:R969.1/123=3] 在馆    
唐山师范学院图书馆 欢迎您!
大连网信软件有限公司© 版权所有